[Event "Astana Zhuldyzdary op-A"]
[Site "Astana"]
[Date "2023.07.15"]
[Round "6"]
[White "Ulkhanov, Azamat"]
[Black "Khamit, Daulet"]
[Result "1-0"]
[WhiteElo "2064"]
[BlackElo "1822"]
[PlyCount "51"]
[EventDate "2023.07.11"]
[EventType "swiss"]
[EventRounds "10"]
[EventCountry "KAZ"]
[SourceTitle "CBM 215 Extra"]
[Source "ChessBase"]
[SourceDate "2023.09.30"]
[SourceVersion "1"]
[SourceVersionDate "2023.09.30"]
[SourceQuality "1"]

1. e4 e6 2. d4 d5 3. e5 c5 4. c3 Qb6 5. Nf3 Bd7 6. a3 Bb5 7. Bxb5+ Qxb5 8. b4 b6 9. a4 Qa6 10. bxc5 bxc5 11. Na3 Nc6 12. Nb5 Rc8 13. 0-0 Na5 14. Qe2 Qb7 15. dxc5 Bxc5 16. Be3 a6 17. Bxc5 axb5 18. axb5 Nb3 19. Ra7 Qb8 20. Be3 d4 21. b6 Qxb6 22. Ra6 Qb7 23. cxd4 Ne7 24. Ra3 Qd5 25. Qa2 Rb8 26. Rb1 1-0